Le langage Algol : applications à des problèmes de recherche opérationnelle /

Guardado en:
Autor Principal: Broise, P.
Formato: Libro
Idioma:French
Publicado: Paris : Dunod : Association Française d'Informatique et de Recherche Opérationnelle, 1965.
Series:Monographies de recherche opérationnelle ; 4
Etiquetas: Agregar Etiqueta
Sin Etiquetas, Sea el primero en etiquetar este registro!
LEADER 00577nam a22001455a 4500
001 MAT.inmabb001272
008 031121s1965####fr############000#0#fre#d
005 20170815131329.0
245 1 3 |a Le langage Algol :  |b applications à des problèmes de recherche opérationnelle /  |c par P. Broise. 
260 |a Paris :  |b Dunod :  |b Association Française d'Informatique et de Recherche Opérationnelle,  |c 1965. 
300 |a xv, 99 p. ;  |c 25 cm. 
440 0 |a Monographies de recherche opérationnelle ;  |v 4 
100 1 |a Broise, P. 
084 |a 68-XX  |a 90-XX  |2 msc2000 
859 |h 68  |i B866  |p A-1479  |b BIB. MATEMATICA